Daniels and Worthingham's muscle testing : (Record no. 5060)
[ view plain ]
| 000 -LEADER | |
|---|---|
| fixed length control field | 01199pam a2200325 a 4500 |
| 003 - CONTROL NUMBER IDENTIFIER | |
| control field | UkOxU |
| 005 - DATE AND TIME OF LATEST TRANSACTION | |
| control field | 20220403203941.0 |
| 008 - FIXED-LENGTH DATA ELEMENTS--GENERAL INFORMATION | |
| fixed length control field | 080122s2007 moua 001 0 eng d |
| 020 ## - INTERNATIONAL STANDARD BOOK NUMBER | |
| International Standard Book Number | 9781416023500 |
| 020 ## - INTERNATIONAL STANDARD BOOK NUMBER | |
| International Standard Book Number | 141602350x |
| 040 ## - CATALOGING SOURCE | |
| Transcribing agency | Alupe University |
| 050 ## - LIBRARY OF CONGRESS CALL NUMBER | |
| Classification number | RC925 |
| Item number | .D3 2007 |
| 100 1# - MAIN ENTRY--PERSONAL NAME | |
| Personal name | Hislop, Helen J. |
| 245 10 - TITLE STATEMENT | |
| Title | Daniels and Worthingham's muscle testing : |
| Remainder of title | techniques of manual examination / |
| Statement of responsibility, etc. | Lucille Daniels, Catherine Worthingham ; ed. Helen J. Hislop, Jacqueline Montgomery. |
| 250 ## - EDITION STATEMENT | |
| Edition statement | 8th ed. |
| 260 ## - PUBLICATION, DISTRIBUTION, ETC. | |
| Place of publication, distribution, etc. | St. Louis : |
| Name of publisher, distributor, etc. | Saunders Elsevier, |
| Date of publication, distribution, etc. | 2007. |
| 300 ## - PHYSICAL DESCRIPTION | |
| Extent | xix, 473 p. : |
| Other physical details | ill. ; |
| Dimensions | 29 cm.+ |
| Accompanying material | 1 DVD (4 3/4") |
| 500 ## - GENERAL NOTE | |
| General note | One digital video disc in back of book. |
| 500 ## - GENERAL NOTE | |
| General note | Previous ed.: 2002. |
| 504 ## - BIBLIOGRAPHY, ETC. NOTE | |
| Bibliography, etc. note | Includes bibliographical references and index. |
| 650 #0 - SUBJECT ADDED ENTRY--TOPICAL TERM | |
| Topical term or geographic name entry element | Muscle strength |
| General subdivision | Testing. |
| 650 #0 - SUBJECT ADDED ENTRY--TOPICAL TERM | |
| Topical term or geographic name entry element | Muscles |
| General subdivision | Examination. |
| 700 1# - ADDED ENTRY--PERSONAL NAME | |
| Personal name | Montgomery, Jacqueline. |
| 700 1# - ADDED ENTRY--PERSONAL NAME | |
| Personal name | Daniels, Lucille. |
| 700 1# - ADDED ENTRY--PERSONAL NAME | |
| Personal name | Worthingham, Catherine. |
| 856 ## - ELECTRONIC LOCATION AND ACCESS | |
| Uniform Resource Identifier | http://172.30.46.200/cgi-bin/koha/opac-retrieve-file.pl?id=e4dcab9d1f319a20689c6f2024238153 |
| 942 ## - ADDED ENTRY ELEMENTS (KOHA) | |
| Source of classification or shelving scheme | |
| Koha item type | e-book |
| Suppress in OPAC | MW |
| Withdrawn status | Lost status | Source of classification or shelving scheme | Damaged status | Not for loan | Permanent Location | Current Location | Shelving location | Date acquired | Total Checkouts | Full call number | Date last seen | Price effective from | Koha item type | Public note |
|---|---|---|---|---|---|---|---|---|---|---|---|---|---|---|
| AU LIBRARY | AU LIBRARY | Virtual Library | 03.04.2022 | RC925 .D3 2007 | 03.04.2022 | 03.04.2022 | e-book | MW |